HZ. PEYGAMBER İN GÜNDELİK HAYATI (Kayıt no. 1104796)

MARC ayrıntıları
000 -LEADER
sabit uzunluktaki kontrol alanı 00274nam a2200097Ia 4500
001 - KONTROL NUMARASI
kontrol alanı 1104796
005 - EN SON İŞLEMİN TARİH VE ZAMANI
kontrol alanı 20250827003406.0
008 - SABİT-UZUNLUKTA VERİ ÖĞELERİ--GENEL BİLGİ
sabit uzunluktaki kontrol alanı 250824s9999 xx 000 0 und d
245 #0 - ESER / YAZAR
ESER ADI HZ. PEYGAMBER İN GÜNDELİK HAYATI
Yazar Adı TAHSİN KOÇYİĞİT
260 ## - YAYIN, DAĞITIM, VB.
YAYIN EVİ HİKMETEVİ YAYINLARI
Mevcut
Düşüm durumu Kayıp durumu Hasar Durumu Ödünç verilmez Ana kütüphane Geçerli Kütüphane Edinilen tarih Toplam ödünç verme sayısı Barkod Son görüntüleme tarihi Fiyatın geçerli olmaya başladığı tarih Koha materyal türü
        DOLAPOĞLU ANADOLU LİSESİ DOLAPOĞLU ANADOLU LİSESİ 24.08.2025   10882660 27.08.2025 27.08.2025 Kitaplar
Gemini Bilgi Teknolojileri A.Ş. tarafından düzenlenmiştir.